[Event "World Rapid Women 2022"]
[Site "Almaty KAZ"]
[Date "2022.12.26"]
[Round "4.39"]
[White "Petrova, Irina"]
[Black "Assylkhan, Asiya"]
[Result "1-0"]
[WhiteTitle "WIM"]
[WhiteElo "2123"]
[BlackElo "1430"]
[WhiteFideId "14124122"]
[BlackFideId "13752707"]
[EventDate "2022.12.26"]

1. e4 c6 2. d4 d5 3. Nc3 dxe4 4. Nxe4 Bf5 5. Ng3 Bg6 6. h4 h6 7. Nf3 Nd7 8. h5
Bh7 9. Bd3 Bxd3 10. Qxd3 e6 11. Bd2 Ngf6 12. O-O-O Bd6 13. Ne4 Nxe4 14. Qxe4 Nf6
15. Qe2 Qc7 16. g3 O-O-O 17. Kb1 Rhe8 18. c4 c5 19. Bc3 Kb8 20. Rc1 Rc8 21. Rhd1
Ka8 22. Ne5 Qe7 23. f4 Red8 24. dxc5 Bxc5 25. Rxd8 Rxd8 26. Rd1 Rxd1+ 27. Qxd1
Bb6 28. a3 Ne4 29. Bb4 Qc7 30. Qd3 Nf6 31. c5 Ba5 32. Bxa5 Qxa5 33. Nxf7 Nxh5
34. Qd7 a6 35. Nd6 Qe1+ 36. Ka2 Qh1 37. Qd8+ Ka7 38. Nc8+ 1-0

[Event "World Rapid Women 2022"]
[Site "Almaty KAZ"]
[Date "2022.12.26"]
[Round "4.40"]
[White "Kirchei, Viktoriia"]
[Black "Borisova, Ekaterina"]
[Result "0-1"]
[WhiteTitle "WFM"]
[BlackTitle "FM"]
[WhiteElo "2070"]
[BlackElo "2223"]
[WhiteFideId "34133396"]
[BlackFideId "34124184"]
[EventDate "2022.12.26"]

1. e4 e5 2. Nf3 Nc6 3. Bb5 a6 4. Ba4 f5 5. d3 fxe4 6. dxe4 Nf6 7. O-O d6 8. Nc3
Be7 9. h3 O-O 10. Bb3+ Kh8 11. a4 Qe8 12. Kh1 Qg6 13. Nh4 Qe8 14. Nf3 Bd7 15.
Be3 Nd8 16. Ng5 Qg6 17. Nf3 Bc6 18. Nh4 Qe8 19. Nf5 Bd7 20. Ng3 Ne6 21. Bxe6
Bxe6 22. Nd5 Bxd5 23. exd5 Qf7 24. c4 c6 25. dxc6 bxc6 26. Nf5 d5 27. cxd5 cxd5
28. Nxe7 Qxe7 29. Bg5 Qe6 30. Bxf6 Rxf6 31. Qe2 d4 32. Rad1 Raf8 33. f3 Qd6 34.
Rfe1 Rf5 35. Qe4 Qb4 36. Qc2 Rg5 37. Re4 h6 38. b3 Rf6 39. f4 Rxf4 40. Rxf4 exf4
41. Qc8+ Kh7 42. Qc2+ Rg6 43. Qe4 Qxb3 44. Rxd4 f3 45. Rd6 fxg2+ 46. Kg1 Qg3 47.
Rxg6 Qxg6 48. Qe2 Qc6 49. Qd3+ Qg6 50. Qe2 h5 51. Qf3 Kh6 52. Qe3+ Kh7 53. Qf3
a5 54. Qd5 h4 55. Qxa5 Qe4 56. Qd2 Qxa4 57. Kxg2 Qe4+ 58. Kf2 Qf5+ 59. Kg2 Qg6+
60. Kf1 Qg3 61. Qd7 Kh6 62. Qc8 Qf4+ 63. Kg1 Qd4+ 64. Kf1 Kg5 65. Kg2 Qe4+ 66.
Kg1 g6 67. Qd8+ Kf5 68. Qf8+ Ke5 69. Qg7+ Kf4 70. Qf6+ Kg3 71. Qd6+ Kxh3 72.
Qd7+ Qf5 0-1

[Event "World Rapid Women 2022"]
[Site "Almaty KAZ"]
[Date "2022.12.26"]
[Round "4.41"]
[White "Kairbekova, Amina"]
[Black "Kaldarova, Ayaulym"]
[Result "1-0"]
[WhiteTitle "WIM"]
[WhiteElo "2209"]
[BlackElo "1832"]
[WhiteFideId "13712799"]
[BlackFideId "13720503"]
[EventDate "2022.12.26"]

1. e4 d6 2. d4 Nf6 3. Nc3 g6 4. Be3 a6 5. Qd2 b5 6. f3 Nbd7 7. g4 Nb6 8. a4 b4
9. Nd1 a5 10. c4 Ba6 11. b3 e6 12. Ne2 h5 13. g5 Nfd7 14. h4 Bg7 15. Bh3 c5 16.
Rc1 O-O 17. O-O Qc7 18. f4 cxd4 19. Nxd4 Nc5 20. Nf2 Qb7 21. Qc2 Rfe8 22. Bg2 e5
23. Ne2 exf4 24. Nxf4 Qe7 25. Bxc5 dxc5 26. e5 Qxe5 27. Nxg6 fxg6 28. Qxg6 Re6
29. Qxh5 Rf8 30. Ng4 Qd4+ 31. Kh1 Qd6 32. Rxf8+ Qxf8 33. g6 Qe7 34. Qh7+ Kf8 35.
Rf1+ Ke8 36. Qg8+ Bf8 37. Rxf8+ Qxf8 38. Qxe6+ Qe7 39. Nf6+ 1-0

[Event "World Rapid Women 2022"]
[Site "Almaty KAZ"]
[Date "2022.12.26"]
[Round "4.42"]
[White "Kim, Kristina"]
[Black "Eric, Jovana"]
[Result "0-1"]
[WhiteTitle "WCM"]
[BlackTitle "WGM"]
[WhiteElo "1930"]
[BlackElo "2236"]
[WhiteFideId "13712438"]
[BlackFideId "938238"]
[EventDate "2022.12.26"]

1. d4 Nf6 2. Nf3 e6 3. Bf4 d5 4. e3 c5 5. c3 Nc6 6. Nbd2 Bd6 7. Bg3 O-O 8. Bd3
b6 9. e4 dxe4 10. Nxe4 Nxe4 11. Bxe4 Bb7 12. dxc5 Bxc5 13. O-O h6 14. Qxd8 Raxd8
15. Rad1 f5 16. Bxc6 Bxc6 17. Be5 Kf7 18. Nd4 Bb7 19. f3 Rd5 20. Rfe1 Rfd8 21.
Kf2 g5 22. g3 b5 23. f4 Bb6 24. h3 b4 25. Rc1 Ra5 26. Ra1 bxc3 27. bxc3 Ra3 28.
Re3 Rc8 29. Nb5 Bxe3+ 30. Kxe3 Ra6 31. fxg5 hxg5 32. Nd6+ Rxd6 33. Bxd6 Rxc3+
34. Kd4 Rc2 35. Be5 Bd5 36. a3 Rc4+ 37. Kd3 Ra4 38. Bd6 Kf6 39. Bb4 a5 40. Bc3+
e5 41. h4 gxh4 42. gxh4 Rxh4 43. Bxa5 Rh3+ 44. Ke2 f4 45. a4 e4 46. Bc7 Rh2+ 0-1

[Event "World Rapid Women 2022"]
[Site "Almaty KAZ"]
[Date "2022.12.26"]
[Round "4.43"]
[White "Samaganova, Aleksandra"]
[Black "Ovod, Evgenija"]
[Result "0-1"]
[WhiteTitle "WFM"]
[BlackTitle "IM"]
[WhiteElo "1884"]
[BlackElo "2323"]
[WhiteFideId "13800221"]
[BlackFideId "4131827"]
[EventDate "2022.12.26"]

1. c4 e6 2. Nc3 d5 3. e3 Nf6 4. Nf3 Bd6 5. b3 O-O 6. Bb2 b6 7. Be2 Bb7 8. O-O a6
9. d4 Nbd7 10. Rc1 Qe7 11. Qc2 Ne4 12. Nxe4 dxe4 13. Ne5 Bxe5 14. dxe5 Qg5 15.
Qc3 Rfd8 16. Rcd1 h5 17. Rd2 Nf8 18. Rfd1 Rxd2 19. Rxd2 Bc6 20. b4 Ng6 21. Kh1
Nh4 22. Bf1 b5 23. c5 Bd5 24. a3 c6 25. Qc1 a5 26. Bc3 axb4 27. axb4 Ng6 28. Qb2
Ra2 29. Qc1 Rxd2 30. Bxd2 Qxe5 31. Bc3 Qf5 32. Qb2 f6 33. Be1 Ne5 34. h3 Bc4 35.
Bxc4 Nxc4 36. Qa2 Qd5 37. Qe2 Kf7 38. Kg1 Kg6 39. Qc2 Qd3 40. Qc1 Qe2 41. Qb1 f5
42. Qa1 Qb2 43. Qd1 Ne5 44. Qd6 Nd3 45. Qxe6+ Qf6 46. Qe8+ Kh6 47. Kf1 g6 48. g3
h4 49. gxh4 Qa1 50. Qf8+ Kh5 51. Kg2 Nxe1+ 52. Kg3 Qe5+ 53. f4 exf3+ 54. Kf2 Nc2
55. Qd6 Qxe3+ 56. Kg3 f4+ 57. Kh2 Qf2+ 58. Kh1 Qg2# 0-1

[Event "World Rapid Women 2022"]
[Site "Almaty KAZ"]
[Date "2022.12.26"]
[Round "4.44"]
[White "Gaboyan, Susanna"]
[Black "Bauyrzhan, Arnash"]
[Result "0-1"]
[WhiteTitle "WIM"]
[WhiteElo "2200"]
[BlackElo "2041"]
[WhiteFideId "13303627"]
[BlackFideId "13706322"]
[EventDate "2022.12.26"]

1. e4 c5 2. c3 d5 3. exd5 Qxd5 4. d4 Nc6 5. Nf3 Bf5 6. Be2 cxd4 7. cxd4 Bxb1 8.
Rxb1 e6 9. a3 Nf6 10. O-O Be7 11. Be3 O-O 12. h3 Rac8 13. Rc1 a6 14. Bc4 Qd6 15.
Qe2 Nd5 16. Rfd1 Rfd8 17. Ba2 h6 18. Bb1 Qb8 19. Nh2 Nxe3 20. fxe3 Qg3 21. Ng4
Bd6 22. Rf1 f5 23. Rf3 Qh4 24. Qc4 Nxd4 25. Qxc8 Nxf3+ 26. gxf3 Qg3+ 27. Kf1
Rxc8 28. Rxc8+ Kf7 29. Nf2 Qxf3 30. Ba2 Bg3 31. Rc2 Bxf2 32. Rxf2 Qxh3+ 33. Ke2
Qg4+ 34. Kf1 h5 35. Rf4 Qh3+ 36. Ke2 g5 37. Rd4 Qg2+ 38. Kd3 Qxb2 39. Rd7+ Kf6
40. Bc4 b5 0-1

[Event "World Rapid Women 2022"]
[Site "Almaty KAZ"]
[Date "2022.12.26"]
[Round "4.45"]
[White "Mikheeva, Galina"]
[Black "Balakanova, Gulnar"]
[Result "1-0"]
[WhiteTitle "WFM"]
[BlackTitle "WFM"]
[WhiteElo "1969"]
[BlackElo "1743"]
[WhiteFideId "44108320"]
[BlackFideId "13705890"]
[EventDate "2022.12.26"]

1. e4 c5 2. Nf3 Nc6 3. Bb5 e6 4. O-O Nf6 5. Re1 Be7 6. c3 O-O 7. d4 cxd4 8. cxd4
d5 9. e5 Ne8 10. Nc3 f5 11. exf6 Bxf6 12. Bxc6 bxc6 13. Bf4 Be7 14. Bg3 c5 15.
dxc5 Bxc5 16. Na4 Bb4 17. Re3 Nf6 18. Qd4 Be7 19. Rc1 Ne4 20. Be5 Rf7 21. b4 Bd7
22. Nc5 Rc8 23. Ree1 Bxc5 24. bxc5 Qa5 25. Bd6 Qa3 26. Qe3 Qa6 27. Ne5 Nxd6 28.
cxd6 Qxd6 29. Nxf7 Kxf7 30. Rxc8 Bxc8 31. Qxa7+ Kf6 32. Rc1 Bd7 1-0

[Event "World Rapid Women 2022"]
[Site "Almaty KAZ"]
[Date "2022.12.26"]
[Round "4.46"]
[White "Serikbay, Assel"]
[Black "Madi, Aidana"]
[Result "1-0"]
[WhiteTitle "WIM"]
[WhiteElo "2230"]
[BlackElo "1583"]
[WhiteFideId "13706799"]
[BlackFideId "13722689"]
[EventDate "2022.12.26"]

1. d4 d5 2. Nf3 e6 3. c4 c5 4. cxd5 exd5 5. Nc3 Nc6 6. Bf4 Nf6 7. e3 c4 8. Be2
Bb4 9. O-O Bxc3 10. bxc3 Ne4 11. Qc2 Qa5 12. Rfc1 f5 13. Ne5 Nxe5 14. Bxe5 O-O
15. Rab1 Qd8 16. f3 Ng5 17. Bf1 b6 18. Qf2 Qe8 19. Qg3 Qg6 20. h4 Ne6 21. Qxg6
hxg6 22. e4 fxe4 23. fxe4 Bb7 24. g3 g5 25. exd5 Bxd5 26. Rb5 Bc6 27. Rb2 b5 28.
d5 Bxd5 29. Rxb5 Bc6 30. Rb4 Kh8 31. Bxc4 Nc5 32. hxg5 Rfe8 33. Rb2 Kh7 34. Bf7 1-0

[Event "World Rapid Women 2022"]
[Site "Almaty KAZ"]
[Date "2022.12.26"]
[Round "4.47"]
[White "Martins de Aguiar, Marina"]
[Black "Mikhaylova, Irina"]
[Result "1-0"]
[BlackTitle "WGM"]
[WhiteElo "1877"]
[BlackElo "2257"]
[WhiteFideId "2143321"]
[BlackFideId "4109040"]
[EventDate "2022.12.26"]

1. e4 c5 2. Nf3 Nc6 3. d4 cxd4 4. Nxd4 e5 5. Nb5 d6 6. N1c3 a6 7. Na3 b5 8. Nd5
Nge7 9. c3 Nxd5 10. Qxd5 Bb7 11. Qd1 Ne7 12. Bd3 d5 13. exd5 Qxd5 14. f3 O-O-O
15. Bc2 Qxd1+ 16. Bxd1 Nd5 17. Bb3 b4 18. cxb4 Bxb4+ 19. Kf2 Bc5+ 20. Kg3 f5 21.
h3 e4 22. Bg5 Bd6+ 23. Kf2 Rd7 24. Rhd1 Bc5+ 25. Ke2 exf3+ 26. gxf3 Re8+ 27. Kf1
Ne3+ 28. Bxe3 Rxe3 29. Rxd7 Rxf3+ 30. Ke2 Re3+ 31. Kd2 Kxd7 32. Rc1 Re5 33. Nc4
Rd5+ 34. Ke2 Ba7 35. Ba4+ Kd8 36. Bb3 g5 37. Kf1 f4 38. Re1 Bc6 39. Re6 Bb5 40.
Ke1 1-0

[Event "World Rapid Women 2022"]
[Site "Almaty KAZ"]
[Date "2022.12.26"]
[Round "4.48"]
[White "Balakanova, Bakhyt"]
[Black "Chen, Jocelyn"]
[Result "1-0"]
[WhiteTitle "WFM"]
[BlackTitle "WCM"]
[WhiteElo "2005"]
[BlackElo "1854"]
[WhiteFideId "13705881"]
[BlackFideId "30947154"]
[EventDate "2022.12.26"]

1. e4 c5 2. Nc3 Nc6 3. g3 a6 4. d3 e6 5. Bg2 b5 6. Be3 Bb7 7. Qd2 Nge7 8. Bxc5
d6 9. Be3 g6 10. Bh6 Bxh6 11. Qxh6 Qa5 12. Qd2 Rc8 13. Nge2 Qb4 14. Rb1 Nd4 15.
a3 Qc5 16. b4 Qb6 17. O-O Nxe2+ 18. Nxe2 O-O 19. h4 e5 20. h5 Qc6 21. c3 Qd7 22.
f4 Qc6 23. f5 Nxf5 24. Rxf5 gxf5 25. Qg5+ Kh8 26. Qf6+ Kg8 27. h6 1-0

[Event "World Rapid Women 2022"]
[Site "Almaty KAZ"]
[Date "2022.12.26"]
[Round "4.49"]
[White "Bayasgalan, Khishigbaatar"]
[Black "Kaliakhmet, Elnaz"]
[Result "0-1"]
[WhiteTitle "WCM"]
[BlackTitle "WFM"]
[WhiteElo "1811"]
[BlackElo "1786"]
[WhiteFideId "4904311"]
[BlackFideId "13730169"]
[EventDate "2022.12.26"]

1. d4 Nf6 2. Nc3 d5 3. Bg5 Ne4 4. Nxe4 dxe4 5. e3 c6 6. c4 Qa5+ 7. Qd2 Qxg5 8.
Ne2 e6 9. a3 a5 10. Nc3 f5 11. d5 Be7 12. d6 Bf6 13. Na4 Nd7 14. h4 Qg4 15. g3
Ne5 16. Be2 Nf3+ 17. Bxf3 Qxf3 18. Rg1 Bd7 19. Nb6 Rd8 20. c5 O-O 21. Rb1 Be8
22. Qxa5 Bh5 23. Qd2 e5 24. Nc4 f4 25. b4 Kh8 26. Rc1 fxg3 27. fxg3 Qg4 28. Qh2
g6 29. Kd2 Bg7 30. Rce1 Qe6 31. Kc3 Rf7 32. Qg2 Bf3 33. Qc2 Rdf8 34. Ref1 Bh6
35. Kb2 Bg4 36. Rxf7 Rxf7 37. Re1 Rf3 38. Qxe4 Rxg3 39. Kc1 Bg7 40. h5 Bf5 41.
Qh4 g5 42. d7 Qxd7 43. Qxg3 0-1

[Event "World Rapid Women 2022"]
[Site "Almaty KAZ"]
[Date "2022.12.27"]
[Round "5.1"]
[White "Gunina, Valentina"]
[Black "Tan, Zhongyi"]
[Result "0-1"]
[WhiteTitle "GM"]
[BlackTitle "GM"]
[WhiteElo "2476"]
[BlackElo "2518"]
[WhiteFideId "4167570"]
[BlackFideId "8603642"]
[EventDate "2022.12.26"]

1. d4 Nf6 2. c4 e6 3. Nf3 b6 4. g3 Ba6 5. b3 d5 6. Bg2 Bb4+ 7. Bd2 Be7 8. cxd5
exd5 9. O-O O-O 10. Nc3 Nbd7 11. Nh4 Re8 12. Re1 Bb7 13. Nf5 Bf8 14. Rc1 Ne4 15.
Nxe4 dxe4 16. Bf4 Rc8 17. Qd2 Nf6 18. Red1 Nd5 19. Bg5 f6 20. Be3 Qd7 21. Bh3
Kh8 22. Kg2 Rcd8 23. Nh4 Qf7 24. Kg1 Ba3 25. Rc4 c5 26. dxc5 b5 27. Rc2 Nxe3 28.
Qxd8 Nxc2 29. Qd6 e3 30. f3 Qf8 31. Qc7 Bc8 32. Nf5 Bxc5 33. Rd5 Bxf5 34. Bxf5
Nd4 35. Rxc5 Nxe2+ 36. Kf1 Nd4 37. Be4 f5 38. Bd5 e2+ 39. Ke1 h6 40. b4 Qf6 41.
Qf4 a6 42. a3 Qe5 43. Rc8 Kh7 44. Bg8+ Kg6 45. Rxe8 Nc2+ 46. Kf2 e1=Q+ 47. Kg2
Ne3+ 48. Kh3 Qf1+ 0-1

[Event "World Rapid Women 2022"]
[Site "Almaty KAZ"]
[Date "2022.12.27"]
[Round "5.2"]
[White "Danielian, Elina"]
[Black "Koneru, Humpy"]
[Result "1-0"]
[WhiteTitle "GM"]
[BlackTitle "GM"]
[WhiteElo "2431"]
[BlackElo "2572"]
[WhiteFideId "13300210"]
[BlackFideId "5008123"]
[EventDate "2022.12.26"]

1. d4 d5 2. c4 e6 3. Nf3 Nf6 4. e3 Be7 5. Nbd2 O-O 6. b3 c5 7. Bb2 cxd4 8. exd4
b6 9. Bd3 Bb7 10. O-O Nc6 11. Re1 Rc8 12. Rc1 Re8 13. Qe2 Bf8 14. h3 g6 15. Rcd1
Bg7 16. Ne5 dxc4 17. Ndxc4 Nb4 18. Bb1 Nbd5 19. Qd2 b5 20. Ne3 Nf4 21. Kh2 Qd6
22. g3 N4d5 23. N3g4 h5 24. Nh6+ Bxh6 25. Qxh6 Ne7 26. d5 exd5 27. Nd7 d4 28.
Nxf6+ Qxf6 29. Bxd4 Nf5 30. Rxe8+ Rxe8 31. Bxf5 1-0

[Event "World Rapid Women 2022"]
[Site "Almaty KAZ"]
[Date "2022.12.27"]
[Round "5.3"]
[White "Garifullina, Leya"]
[Black "Mammadzada, Gunay"]
[Result "1-0"]
[WhiteTitle "IM"]
[BlackTitle "IM"]
[WhiteElo "2357"]
[BlackElo "2472"]
[WhiteFideId "34127035"]
[BlackFideId "13403729"]
[EventDate "2022.12.26"]

1. e4 c5 2. Nf3 d6 3. d4 cxd4 4. Nxd4 Nf6 5. Nc3 a6 6. h3 e6 7. g4 Be7 8. g5
Nfd7 9. h4 b5 10. a3 Bb7 11. Be3 O-O 12. Qd2 Nc6 13. O-O-O Nc5 14. f3 Rb8 15.
Kb1 Qc7 16. h5 b4 17. axb4 Nxb4 18. g6 Bf6 19. gxh7+ Kxh7 20. Bg5 Qd8 21. Rg1
Ba8 22. Bc4 Rg8 23. Nb3 Nxb3 24. Bxb3 d5 25. exd5 Bxd5 26. Qf4 Bxg5 27. Rxg5 Qf6
28. Qxf6 gxf6 29. Rxg8 Rxg8 30. Nxd5 exd5 31. c3 Nc6 32. Bxd5 1-0

[Event "World Rapid Women 2022"]
[Site "Almaty KAZ"]
[Date "2022.12.27"]
[Round "5.4"]
[White "Paehtz, Elisabeth"]
[Black "Kosteniuk, Alexandra"]
[Result "1/2-1/2"]
[WhiteTitle "GM"]
[BlackTitle "GM"]
[WhiteElo "2464"]
[BlackElo "2520"]
[WhiteFideId "4641833"]
[BlackFideId "4128125"]
[EventDate "2022.12.26"]

1. d4 Nf6 2. c4 e6 3. Nc3 Bb4 4. e3 O-O 5. Bd3 d5 6. a3 Bxc3+ 7. bxc3 dxc4 8.
Bxc4 c5 9. Ne2 Qc7 10. Ba2 b6 11. O-O Bb7 12. Ng3 Rd8 13. Bb2 e5 14. Nh5 Nbd7
15. Rc1 c4 16. Nxf6+ Nxf6 17. Qe2 b5 18. f3 e4 19. fxe4 Bxe4 20. Bb1 Re8 21. a4
Bxb1 22. Rxb1 bxa4 23. Bc1 Nd5 24. Qf3 Nb6 25. e4 Qe7 26. e5 f6 27. Bf4 Rad8 28.
Qg3 Rd5 29. exf6 Qxf6 30. Bc7 Qg6 31. Qf3 Rd7 32. Bxb6 axb6 33. Rb4 Qd3 34. Rxa4
Qxf3 35. Rxf3 b5 36. Ra5 Rd5 37. Ra7 Rg5 38. Kf2 h6 39. Rb7 Ra8 40. h4 Ra2+ 41.
Ke3 Rgxg2 42. Rxb5 Rac2 43. Kf4 Rgf2 44. Rxf2 Rxf2+ 45. Ke5 Rc2 46. d5 Rxc3 47.
d6 Re3+ 48. Kd5 Rd3+ 49. Ke6 Re3+ 50. Kd7 Kf7 51. Rf5+ Kg6 52. Rc5 Kf6 53. Kc8
Rd3 54. d7 g5 55. hxg5+ hxg5 56. d8=Q+ Rxd8+ 57. Kxd8 g4 58. Rxc4 Kf5 59. Ke7 g3
60. Kd6 g2 61. Rc1 Ke4 62. Rg1 Kf3 63. Rxg2 Kxg2 1/2-1/2

[Event "World Rapid Women 2022"]
[Site "Almaty KAZ"]
[Date "2022.12.27"]
[Round "5.5"]
[White "Girya, Olga"]
[Black "Goryachkina, Aleksandra"]
[Result "0-1"]
[WhiteTitle "GM"]
[BlackTitle "GM"]
[WhiteElo "2398"]
[BlackElo "2584"]
[WhiteFideId "4195752"]
[BlackFideId "4147103"]
[EventDate "2022.12.26"]

1. d4 d5 2. c4 c6 3. Nf3 Nf6 4. cxd5 cxd5 5. Nc3 Nc6 6. Bf4 Bf5 7. e3 e6 8. Ne5
Nd7 9. Nxc6 bxc6 10. a3 Be7 11. Be2 O-O 12. O-O Bf6 13. Na4 e5 14. dxe5 Nxe5 15.
Rc1 Rc8 16. Re1 Re8 17. h3 Qe7 18. Ba6 Rcd8 19. Bxe5 Bxe5 20. Bd3 Bd7 21. b4 Qh4
22. Nc5 Bc8 23. Bf1 Rd6 24. Nd3 Bf6 25. Nf4 Bb2 26. Rb1 Be5 27. g3 Qh6 28. h4
Bc3 29. Re2 Bg4 30. Rc1 Bf6 31. Qd3 Bxe2 32. Bxe2 Be5 33. Bf3 d4 34. Re1 Bxf4
35. gxf4 dxe3 36. Rxe3 Rf8 37. Qf5 Rf6 38. Qh3 Qxf4 39. h5 h6 40. Qg4 Qxg4+ 41.
Bxg4 g6 42. Re7 gxh5 43. Bxh5 Rf5 44. Be2 a5 45. Rc7 axb4 46. axb4 Rf6 47. Rb7
Ra8 48. Kg2 Ra2 49. Bf3 Kg7 50. Rb6 Rc2 51. b5 cxb5 52. Rxb5 Rg6+ 53. Kf1 Rc1+
54. Ke2 Re6+ 55. Kd3 Rf6 56. Kd2 Rc7 57. Rb3 Re7 58. Rd3 Re5 59. Kd1 h5 0-1

[Event "World Rapid Women 2022"]
[Site "Almaty KAZ"]
[Date "2022.12.27"]
[Round "5.6"]
[White "Voit, Daria"]
[Black "Dzagnidze, Nana"]
[Result "1-0"]
[WhiteTitle "WGM"]
[BlackTitle "GM"]
[WhiteElo "2347"]
[BlackElo "2517"]
[WhiteFideId "4182146"]
[BlackFideId "13601903"]
[EventDate "2022.12.26"]

1. d4 Nf6 2. c4 g6 3. g3 Bg7 4. Bg2 O-O 5. Nc3 Nc6 6. h3 d6 7. Nf3 e5 8. Be3
exd4 9. Nxd4 Bd7 10. O-O Re8 11. Qd2 a6 12. Rfe1 Rb8 13. b3 Qc8 14. Kh2 Ne5 15.
Nd5 c5 16. Nxf6+ Bxf6 17. Nc2 Bc6 18. Qxd6 Re6 19. Qd2 Bxg2 20. Kxg2 b5 21. cxb5
axb5 22. Qd5 Nc6 23. Rac1 Ne7 24. Qf3 Bb2 25. Rb1 Bc3 26. Red1 b4 27. Bf4 Ra8
28. a3 Nf5 29. axb4 cxb4 30. e4 Ng7 31. Ne3 Qb7 32. Nd5 Ne8 33. Rbc1 Ra2 34. e5
Qa6 35. Nxc3 bxc3 36. Rxc3 h5 37. Rcd3 Rb2 38. Rd7 Qc6 39. R1d5 Qc2 40. Bc1 Nf6
41. Bxb2 Nxd7 42. Rxd7 1-0

[Event "World Rapid Women 2022"]
[Site "Almaty KAZ"]
[Date "2022.12.27"]
[Round "5.7"]
[White "Abdumalik, Zhansaya"]
[Black "Zatonskih, Anna"]
[Result "1-0"]
[WhiteTitle "GM"]
[BlackTitle "IM"]
[WhiteElo "2496"]
[BlackElo "2349"]
[WhiteFideId "13703544"]
[BlackFideId "14101572"]
[EventDate "2022.12.26"]

1. e4 e6 2. d4 d5 3. Nc3 dxe4 4. Nxe4 Nd7 5. Nf3 Ngf6 6. Ng3 c5 7. c3 Be7 8. Bd3
O-O 9. O-O b6 10. Qe2 Bb7 11. Re1 Qc7 12. Bg5 Rfe8 13. Rac1 Nd5 14. Qe4 Nf8 15.
Qh4 Bxg5 16. Nxg5 Nf6 17. Nh5 Nxh5 18. Qxh5 h6 19. Nf3 Bxf3 20. Qxf3 cxd4 21.
cxd4 Qd6 22. Re4 Rac8 23. Rce1 Qd5 24. Qg3 f5 25. Rh4 Kh7 26. Rg4 g6 27. Rh4
Qxa2 28. Qg5 h5 29. g4 Qa5 30. Kf1 Kg7 31. gxh5 f4 32. h6+ Kh7 33. Qxf4 Re7 34.
Qf6 Rce8 35. Rxe6 Qb4 36. Bxg6+ Nxg6 37. Qxg6+ Kh8 38. Qf6+ Kh7 39. Rxe7+ Rxe7
40. Qf5+ Kh8 41. Rg4 Qc4+ 42. Kg2 Qc6+ 43. d5 Qxh6 44. Qc8+ 1-0

[Event "World Rapid Women 2022"]
[Site "Almaty KAZ"]
[Date "2022.12.27"]
[Round "5.8"]
[White "Buksa, Nataliya"]
[Black "Khotenashvili, Bela"]
[Result "0-1"]
[WhiteTitle "IM"]
[BlackTitle "GM"]
[WhiteElo "2405"]
[BlackElo "2485"]
[WhiteFideId "14123622"]
[BlackFideId "13602640"]
[EventDate "2022.12.26"]

1. e4 c6 2. d4 d5 3. Nc3 dxe4 4. Nxe4 Nf6 5. Nxf6+ exf6 6. c3 Bd6 7. Bd3 O-O 8.
Ne2 Re8 9. O-O Nd7 10. Bf4 Nf8 11. Qd2 Ng6 12. Bxd6 Qxd6 13. Rfe1 Be6 14. Qc2 c5
15. dxc5 Qxc5 16. Nd4 Bd5 17. Be4 a6 18. a3 Re5 19. Bxd5 Qxd5 20. Nf3 Rxe1+ 21.
Rxe1 Rd8 22. h3 Ne5 23. Nd4 g6 24. a4 Nc6 25. Nxc6 Qxc6 26. Qe4 Qb6 27. b4 Kg7
28. Qf3 Qc7 29. a5 h5 30. Rc1 Qe7 31. Rd1 Rc8 32. Qd3 Rc7 33. Rc1 h4 34. Qd4 g5
35. f4 Rd7 36. Qf2 Qd6 37. fxg5 fxg5 38. Re1 f6 39. Qf5 Rf7 40. Kh1 Qg3 41. Rc1
Re7 42. Qf1 g4 43. Rd1 gxh3 44. gxh3 Re3 45. Rd7+ Kg6 46. Rd2 Re1 0-1

[Event "World Rapid Women 2022"]
[Site "Almaty KAZ"]
[Date "2022.12.27"]
[Round "5.9"]
[White "Ushenina, Anna"]
[Black "Pourkashiyan, Atousa"]
[Result "1/2-1/2"]
[WhiteTitle "GM"]
[BlackTitle "WGM"]
[WhiteElo "2454"]
[BlackElo "2321"]
[WhiteFideId "14110911"]
[BlackFideId "12502014"]
[EventDate "2022.12.26"]

1. d4 Nf6 2. c4 e6 3. Nf3 d5 4. Nc3 Be7 5. Bf4 O-O 6. e3 Nbd7 7. Be2 dxc4 8. O-O
c5 9. dxc5 Nxc5 10. Bxc4 Qxd1 11. Rfxd1 a6 12. Ne5 Re8 13. Be2 Nd5 14. Nxd5 exd5
15. Rxd5 Be6 16. Rdd1 Bf6 17. Rac1 Rac8 18. Nc4 Bxc4 19. Rxc4 Bxb2 20. Rb1 b5
21. Rc2 Na4 22. Rxc8 Rxc8 23. Bf3 Rc1+ 24. Rxc1 Bxc1 25. Bb7 a5 26. Bc7 Bd2 27.
Bc6 Nc3 28. Bxa5 Ne2+ 29. Kf1 Bxa5 30. Kxe2 b4 31. Kd3 Bc7 32. h3 Kf8 33. Kc4
Bd6 34. Kd5 Ke7 35. Bb5 h5 36. h4 Bh2 37. Ke4 Bd6 38. Be2 g6 39. g3 Kf6 40. Kd5
Ke7 41. Bd3 Bb8 42. Bc2 f5 43. Ba4 Bc7 44. Bc2 Bb8 45. e4 fxe4 46. Bxe4 Ba7 47.
f3 Bf2 48. g4 hxg4 49. fxg4 Kf6 50. Kc4 Be1 51. Bd3 Kg7 52. h5 gxh5 53. gxh5 Kh6
54. Be2 Bd2 55. Kd3 1/2-1/2

[Event "World Rapid Women 2022"]
[Site "Almaty KAZ"]
[Date "2022.12.27"]
[Round "5.10"]
[White "Balajayeva, Khanim"]
[Black "Batsiashvili, Nino"]
[Result "0-1"]
[WhiteTitle "WGM"]
[BlackTitle "GM"]
[WhiteElo "2379"]
[BlackElo "2493"]
[WhiteFideId "13406396"]
[BlackFideId "13602993"]
[EventDate "2022.12.26"]

1. e4 e5 2. Nf3 Nc6 3. Nc3 Nf6 4. Bb5 d6 5. d4 exd4 6. Nxd4 Bd7 7. O-O Be7 8.
Nxc6 Bxc6 9. Bxc6+ bxc6 10. b3 Nd7 11. Bb2 Bf6 12. Na4 O-O 13. Qd2 Bxb2 14. Nxb2
Re8 15. Rfe1 Nc5 16. f3 Ne6 17. Rad1 Qf6 18. Nc4 Nf4 19. Ne3 h5 20. Nf5 Qe5 21.
Qd4 g6 22. Qxe5 Rxe5 23. Nd4 Rc5 24. Kf2 a5 25. a4 Ne6 26. Re2 Nxd4 27. Rxd4 Re5
28. Red2 Kg7 29. g3 Rae8 30. R4d3 c5 31. Rd5 Rxd5 32. Rxd5 Kf6 33. Ke3 Ke6 34.
Kf4 Rb8 35. h4 c6 36. Rd3 Rb4 37. Rc3 f6 38. Rc4 Rb8 39. Rc3 Rg8 40. Rd3 g5+ 41.
hxg5 fxg5+ 42. Ke3 h4 43. gxh4 gxh4 44. Rd2 d5 45. Rh2 Rh8 46. Kf4 Rf8+ 47. Kg4
Rg8+ 48. Kf4 Rf8+ 49. Kg4 Ke5 50. exd5 cxd5 51. Re2+ Kd4 52. Rd2+ Ke5 53. Re2+
Kd4 54. Rd2+ Kc3 55. Rxd5 Rc8 56. Kxh4 Kxc2 57. f4 Kxb3 58. f5 Kxa4 59. f6 c4
60. Kg5 c3 61. Rd4+ Kb3 62. Rd3 Kb2 63. Rd5 c2 64. Rb5+ Kc3 0-1